Statistics for Countries Bordering Germany by Area

Click here to take the quiz!

General Stats

  • This quiz has been taken 107 times
    (87 since last reset)
  • The average score is 7 of 9

Answer Stats

Area (km2)Border Length (km)Country% Correct
640.679451France
99%
312.679456Poland
92%
83.871784Austria
86%
78.865815Czech Republic
82%
43.09468Denmark
80%
41.284334Switzerland
76%
41.850577Netherlands
75%
30.528167Belgium
71%
2.586138Luxembourg
71%

Score Distribution

Percentile by Number Answered

Percent of People with Each Score

Your Score History

You have not taken this quiz since the last reset